| 000 | 00424cam a2200169ua 4500 | ||
|---|---|---|---|
| 003 | OSt | ||
| 008 | 250220b |||||||| |||| 00| 0 eng d | ||
| 041 | _aeng | ||
| 082 |
_a622.3382 _bGRA/AD |
||
| 100 |
_aGrace , Robert D . _97190 |
||
| 245 | _aAdvanced blow out and well control / | ||
| 250 | _a1st | ||
| 260 |
_aLondon : _bGulf Publishing Company , _c1994. |
||
| 300 | _a396 ; . | ||
| 500 | _a** Reference | ||
| 942 | _cBK | ||
| 999 |
_c4891 _d4891 |
||